Những cánh bướm phượng Tập truyện
v.v...
Đã lưu trong:
| Tác giả chính: | |
|---|---|
| Định dạng: | Sách |
| Năm xuất bản: |
Tp. Hồ Chí Minh
Nxb Trẻ
1999
|
| Chủ đề: | |
| Tags: |
Thêm thẻ
Không có thẻ, Hãy là người đầu tiên gắn thẻ bản ghi này!
|
| LEADER | 01030nam a2200205 4500 | ||
|---|---|---|---|
| 082 | |a 895.922334 |b Đ312L | ||
| 100 | |a Đinh Lê Vũ | ||
| 245 | |a Những cánh bướm phượng |c Đinh Lê Vũ |b Tập truyện | ||
| 260 | |a Tp. Hồ Chí Minh |b Nxb Trẻ |c 1999 | ||
| 300 | |a 238 tr. |c 18 cm. | ||
| 500 | |a Nội dung: Những cánh bướm phượng, Chia tay, Chuyện trẻ con... | ||
| 520 | |a v.v... | ||
| 653 | |a Văn học hiện đại | ||
| 653 | |a Việt Nam | ||
| 653 | |a Truyện ngắn | ||
| 942 | |2 ddc |c STK0 | ||
| 999 | |c 1847 |d 1847 | ||
| 952 | |0 0 |1 0 |2 ddc |4 0 |6 895_922334000000000_Đ312L |7 1 |8 800 |9 28733 |a qbu |b qbu |c D5 |d 2014-12-10 |g 14500 |o 895.922334 Đ312L |p 1137.c1 |r 0000-00-00 |w 2014-12-10 |y STK0 | ||
| 952 | |0 0 |1 0 |2 ddc |4 0 |6 895_922334000000000_Đ312L |7 0 |8 800 |9 28734 |a qbu |b qbu |c D5 |d 2014-12-10 |g 14500 |o 895.922334 Đ312L |p 1137.c2 |r 0000-00-00 |w 2014-12-10 |y STK0 | ||
| 952 | |0 0 |1 0 |2 ddc |4 0 |6 895_922334000000000_Đ312L |7 0 |8 800 |9 28735 |a qbu |b qbu |c D5 |d 2014-12-10 |g 14500 |l 1 |m 1 |o 895.922334 Đ312L |p 1137.c3 |r 2015-02-06 |s 2015-01-28 |w 2014-12-10 |y STK0 | ||